01516nam a2200265 a 4500001001000000003000900010005001700019008004100036040002500077100004400102245005700146260005000203300002100253490001800274586002400292830002400316942001400340952019300354952012000547952010600667952017800773952017600951952010601127999001701233000033178DO-SdBNP20240308073618.0110818s1979 dr 000 0 spa d aDO-SdBNPbspacBNPHU1 aDeive, Carlos Esteban,d1935-20199191614aLas devastaciones :bnovela /cCarlos Esteban Deive. aSanto Domingo :bEditora Alfa y Omega,c1979. a317 p. ;c24 cm.1 aLiteraturav1 aPremio Siboney 1978 0aLiteraturav198095 2ddccLBS1 001054708DSaGRbGRcHDd2011-09-02iLF1l0o p33178-30r2020-06-25te. 3w2020-06-25yLFDSzPerteneció a la biblioteca personal de Aída Cartagena Portalatín.ZPréstamo en sala 001054708DSaGRbGRcHDd2015-05-18iLF1l0o p33178-40r2020-06-25te. 4w2020-06-25yLFDSZPréstamo en sala 00107-18PDaGRbGRcOId2019-08-12iLF1l0o p33178-50r2020-06-25w2020-06-25yLFPDZNo se presta 0010718PDaPDbPDcHDd2011-08-18iLF1l0o p33178-10r2020-06-25w2020-06-25yLFPDzPerteneció a la biblioteca personal de Aída Cartagena Portalatín.ZNo se presta 0010718PDaPDbPDcHDd2011-08-18iLF1l0o p33178-20r2020-06-25te. 2w2020-06-25yLFPDzPerteneció a la biblioteca personal de Germán Emilio Ornes.ZNo se presta 00107-18PDaPDbPDcOId2011-08-18iLF1l0o p33179-10r2020-06-25w2020-06-25yLFPDZNo se presta c32669d32669